| 000 | 01639nam a2200397Ia 4500 | ||
|---|---|---|---|
| 001 | dia_5788 | ||
| 003 | CHAP | ||
| 005 | 20240926175457.0 | ||
| 007 | ta | ||
| 008 | 220117s2014 mx bdo fr 001 0 spa d | ||
| 040 |
_cCHAP _amxchpua |
||
| 090 |
_aT.C.644 _bS26 SAI _c2014 |
||
| 245 | 1 | 0 |
_aSistema Agroindustrial Leche-Quesillo en la región norte Chiapas / _ccoordinador Armando Santos Moreno ; colaboradores María de los Ángeles Crescencio Damián...[et al.] |
| 260 |
_aMéxico : _bEl autor, _c2014 |
||
| 300 |
_a125 hojas : _bmapas, gráficas, diagramas, tablas, fotos |
||
| 336 |
_2rdacontent _atexto _btxt |
||
| 337 |
_2rdamedia _ano mediado _bn |
||
| 338 |
_2rdacarrier _avolumen _bnc |
||
| 500 | _a6° año Grupo 3 | ||
| 502 |
_aViaje de estudios _b(SAI) -- _cUACh. Departamento de Ingeniería Agroindustrial, _d2014 |
||
| 504 | _aBibliografía: hojas 65-66 | ||
| 505 |
_aEmpresas visitadas: -- _t1. Quesería Doña Bertha -- 2. Quesería DIPROLAC -- 3. Quesería La Neblina -- 4. Quesería San Bartolo -- 5. Quesería El Triunfo |
||
| 650 | 1 | 0 |
_aIndustria lechera _zMéxico _zChiapas _9151686 |
| 650 | 1 | 0 |
_aIndustria quesera _zMéxico _zChiapas _9151687 |
| 650 | 1 | 0 |
_aDairy industry _zMexico _zChiapas _9151684 |
| 650 | 1 | 0 |
_aCheese industry _zMexico _zChiapas _9151683 |
| 700 | 1 |
_aSantos Moreno, Armando _9147701 _ecoordinador |
|
| 700 | 1 |
_aCrescencio Damián, María de los Ángeles _9131401 _ecolaborador |
|
| 901 | _aT.C.644 S26 SAI 2014 | ||
| 902 | _aM | ||
| 905 | _a5232272014 mx dimn8223123322spa26 | ||
| 942 | _2local | ||
| 942 | _cVE | ||
| 999 |
_c176872 _d176872 |
||